Pla d'objectius i actuacions : programa ... / Oficina Tècnica de Parcs Naturals programa ... / Oficina Tècnica de Parcs Naturals
Publicado:
Barcelona :
Diputació de Barcelona. Àrea d'Espais Naturals. Xarxa de Parcs Naturals ,
2009
Descripción Física:
taules ; 29 cm
MARC
| LEADER | 00000nam a2200000Ia 4500 | ||
|---|---|---|---|
| 001 | 21291, 23094 | ||
| 008 | 160829s2009- xx 000 0 cat d | ||
| 080 | |a C-3-185, C-3-344 | ||
| 110 | 2 | |a Barcelona (Catalunya : Província). |b Oficina Tècnica de Parcs Naturals |9 54370 | |
| 245 | |a Pla d'objectius i actuacions : |b programa ... / Oficina Tècnica de Parcs Naturals | ||
| 260 | |a Barcelona : |b Diputació de Barcelona. Àrea d'Espais Naturals. Xarxa de Parcs Naturals, |c 2009- | ||
| 300 | |a taules ; |c 29 cm | ||
| 590 | |a Títol anterior: Programa d'activitats ... | ||
| 650 | |a Barcelona. Diputació. Oficina Tècnica de Parcs Naturals | ||
| 710 | 1 | |a Barcelona (Catalunya : Província). |b Xarxa de Parcs Naturals |9 7250 | |
| 710 | |a Barcelona (Catalunya : Província). |b Àrea d'Espais Naturals |9 9050 | ||
| 866 | |a 2009, 2011 | ||
| 901 | |a Arxiu | ||
| 942 | |n 1 | ||
| 952 | |0 0 |1 0 |4 0 |6 C3185_C3344 |7 1 |9 49955 |a Arxiu |b Arxiu |d 2016-12-01 |l 0 |o C-3-185, C-3-344 |p 21291, 23094 |r 2016-12-01 00:00:00 |w 2016-12-01 |y ARXIU | ||
| 999 | |c 53797 |d 53797 | ||